Hombre y realidad: homenaje a Zubiri
Uloženo v:
| Hlavní autor: | |
|---|---|
| Médium: | Kniha |
| Jazyk: | španělština |
| Vydáno: |
Buenos Aires
Eudeba
1985
|
| Edice: | Lectores
|
| Témata: | |
| Tagy: |
Přidat tag
Žádné tagy, Buďte první, kdo vytvoří štítek k tomuto záznamu!
|
MARC
| LEADER | 00000nam a2200000 a 4500 | ||
|---|---|---|---|
| 001 | UCJ9889 | ||
| 003 | CL-VaPUC | ||
| 008 | 070413e19850000AG |||||||||||||||||spa|d | ||
| 020 | |a 9502301439 | ||
| 082 | 0 | 4 | |a 196.1 |b ROV |2 21 |
| 100 | 0 | |a Rovaletti, María Lucrecia |e author |9 519943 | |
| 245 | 1 | 0 | |a Hombre y realidad: homenaje a Zubiri |
| 300 | |a 93 p | ||
| 942 | |c BK | ||
| 945 | |d 20070413 00:00:00 |a jtorresc | ||
| 260 | |a Buenos Aires |b Eudeba |c 1985 | ||
| 500 | |a Donación del Dr. Luis Gómez Macker | ||
| 600 | 0 | 7 | |a ZUBIRI, XAVIER |2 CL-VaPUC |9 216 |
| 650 | 0 | |a Filosofía española |9 254895 | |
| 650 | 0 | |a Crítica e interpretación |9 255042 | |
| 583 | |a last modification |c 20070413 00:00:00 |k Rodrigo Vera | ||
| 490 | 0 | |a Lectores | |
| 999 | |c 325232 |d 325230 | ||
| 952 | |0 0 |1 0 |4 0 |6 196_100000000000000_ROV_1985 |7 0 |8 A |9 405866 |a FDOPOS |b FDOPOS |d 2019-11-22 |i 4271521 |o 196.1 ROV 1985 |p 4271521 |r 2025-01-22 |w 2019-11-22 |y BK |k MLA | ||